Подробности
| 000 -МАРКЕР |
| контрольное поле |
01759nam2a2200277 4500 |
| 001 - ИДЕНТИФИКАТОР ЗАПИСИ |
| контрольное поле |
RU\NLR\BIBL_A\011654391 |
| 005 - ИДЕНТИФИКАТОР ВЕРСИИ |
| контрольное поле |
20260405112856.0 |
| 010 ## - МЕЖДУНАРОДНЫЙ СТАНДАРТНЫЙ НОМЕР КНИГИ (ISBN) |
| Номер (ISBN) |
978-5-91005-031-5 |
| Уточнения |
т. 24 |
| Тираж |
500 |
| 035 ## - ДРУГИЕ СИСТЕМНЫЕ НОМЕРА |
| Идентификатор записи |
(NLR Aleph) 011654391 |
| 100 ## - ДАННЫЕ ОБЩЕЙ ОБРАБОТКИ |
| Данные общей обработки |
20180312d2014 |||y0rusy50 ca |
| 101 0# - ЯЗЫК РЕСУРСА |
| Язык текста, звукозаписи и т.д. |
русский |
| 102 ## - СТРАНА ПУБЛИКАЦИИ ИЛИ ПРОИЗВОДСТВА |
| Страна публикации |
Российская Федерация |
| 105 ## - ПОЛЕ КОДИРОВАННЫХ ДАННЫХ: ТЕКСТОВЫЕ МАТЕРИАЛЫ, МОНОГРАФИЧЕСКИЕ |
| Кодированные данные о монографическом текстовом документе |
c|||f|||000zy |
| 200 1# - ЗАГЛАВИЕ И СВЕДЕНИЯ ОБ ОТВЕТСТВЕННОСТИ |
| Основное заглавие |
Преступления против безопасности движения и эксплуатации транспорта |
| Первые сведения об ответственности |
[Коробеев Александр Иванович, доктор юридических наук, профессор, заслуженный деятель науки Российской Федерации и др.] |
| 210 ## - ПУБЛИКАЦИЯ, РАСПРОСТРАНЕНИЕ И ДР. |
| Дата издания, распространения и т.д. |
2014 |
| Место издания, распространения и т.д. |
Б. м. |
| 215 ## - ФИЗИЧЕСКАЯ ХАРАКТЕРИСТИКА |
| Специфическое обозначение материала и объем |
697 с., [1] л. цв. портр. |
| 320 ## - ПРИМЕЧАНИЯ О НАЛИЧИИ В ДОКУМЕНТЕ БИБЛИОГРАФИИ / УКАЗАТЕЛЯ |
| Текст примечания |
Библиогр. в тексте и в подстроч. примеч. |
| 461 #0 - УРОВЕНЬ НАБОРА |
| Встроенное поле |
001RU\NLR\bibl\854430 |
| -- |
2001#$aЭнциклопедия уголовного права$f[В.Б. Малинин - авт. и отв. ред. и др.]$vТ. 24 |
| Системный номер (АБИС) связанной записи |
1433246 |
| Место публикации |
Санкт-Петербург |
| Дата публикации |
2005 |
| Первые сведения об ответственности |
[В. Б. Малинин - авт. и отв. ред. и др.] |
| Имя издателя, распространителя и т.д. |
Издание профессора Малинина |
| Заглавие |
Энциклопедия уголовного права |
| ISBN |
5-91005-001-X |
| Номер тома |
Т. 24 |
| 606 1# - НАИМЕНОВАНИЕ ТЕМЫ КАК ПРЕДМЕТ |
| Наименование темы |
Транспорт |
| Тематический подзаголовок |
Безопасность движения |
| -- |
Преступные нарушения |
| -- |
Уголовная ответственность |
| Системный номер авторитетной/нормативной записи |
1824375 |
| Идентификатор авторитетной/нормативной записи |
RU\NLR\AUTH\66824322 |
| 686 1# - ИНДЕКСЫ ДРУГИХ КЛАССИФИКАЦИЙ |
| Индекс |
Х628.112.016 |
| 702 #1 - ИМЯ ЛИЦА - ВТОРИЧНАЯ ОТВЕТСТВЕННОСТЬ |
| Код отношения |
Составитель |
| Материалы, к которым относится поле |
rus |
| Графика поля |
Кириллица |
| Начальный элемент ввода |
Коробеев |
| Часть имени, кроме начального элемента ввода |
А. И. |
| Даты |
1951- |
| Расширение инициалов личного имени |
Александр Иванович |
| Идентификатор авторитетной/нормативной записи |
RU\NLR\AUTH\7743635 |
| Системный номер авторитетной/нормативной записи |
26578 |
| 942 ## - ДОПОЛНИТЕЛЬНЫЕ ЭЛЕМЕНТЫ ЗАПИСИ (АБИС) |
| Тип экземпляра АБИС |
Книга |
| 980 ## - КОЛЛЕКЦИЯ |
| Название коллекции |
Национальная библиография |